ENFOQUES ECONOMICOS PARA EL ANALISIS DE LAS ORGANIZACIONES (Registro nro. 54654)
[ vista simple ]
| 000 -LEADER | |
|---|---|
| fixed length control field | 01130nam a2200229 a 4500 |
| 001 - CONTROL NUMBER | |
| control field | 54654 |
| 005 - DATE AND TIME OF LATEST TRANSACTION | |
| control field | 20180714045611.0 |
| 008 - FIXED-LENGTH DATA ELEMENTS--GENERAL INFORMATION | |
| fixed length control field | 140415s2009 sp 000 0 spa d |
| 020 ## - INTERNATIONAL STANDARD BOOK NUMBER | |
| International Standard Book Number | 9788483225950 |
| 041 ## - LANGUAGE CODE | |
| Language code of text/sound track or separate title | spa |
| 082 ## - DEWEY DECIMAL CLASSIFICATION NUMBER | |
| Classification number | 658.1 |
| Item number | DOU |
| 100 1# - MAIN ENTRY--PERSONAL NAME | |
| Personal name | DOUMA, SYTSE |
| 245 10 - TITLE STATEMENT | |
| Title | ENFOQUES ECONOMICOS PARA EL ANALISIS DE LAS ORGANIZACIONES |
| 250 ## - EDITION STATEMENT | |
| Edition statement | 4ed. |
| 260 ## - PUBLICATION, DISTRIBUTION, ETC. | |
| Place of publication, distribution, etc. | ESPAÑA : |
| Name of publisher, distributor, etc. | PEARSON EDUCACION, |
| Date of publication, distribution, etc. | 2009 |
| 300 ## - PHYSICAL DESCRIPTION | |
| Extent | 620 |
| Dimensions | 19.5 x 1.8 x 25 |
| 520 ## - SUMMARY, ETC. | |
| Summary, etc. | ESTE LIBRO ESTA DIRIGIDO A ESTUDIANTES DE ORGANIZACIONES Y DIRECCION DE EMPRESAS Y ADOPTA UN ENFOQUE DIFERENTE EL CUAL HA SIDO DISEÑADO COMO UN TEXTO INTRODUCTORIO DESDE UNA PERSPECTIVA ECONOMICA. LAS PRINCIPALES DIFERENCIAS ENTRE ESTA CUARTA EDICION Y LAS PREVIAS SON QUE INCLUYE JUEGOS SOBRE LA TEORIA EVOLUTIVA, INTRODUCE EL CONCEPTO DE CAPACIDADES DINAMICAS Y SE INCLUYEN TRES NUEVOS CAPITULOS SOBRE FUSIONES Y ADQUISICIONES. |
| 650 14 - SUBJECT ADDED ENTRY--TOPICAL TERM | |
| Topical term or geographic name entry element | ANALISIS ECONOMICO |
| General subdivision | DESARROLLO ORGANIZACIONAL |
| -- | ECONOMIA |
| 700 1# - ADDED ENTRY--PERSONAL NAME | |
| Personal name | FORCADELL MARTINEZ, FRANCISCO |
| Relator term | tr. |
| 740 ## - ADDED ENTRY--UNCONTROLLED RELATED/ANALYTICAL TITLE | |
| Uncontrolled related/analytical title | ECONOMIC APPROACHES TO ORGANIZATIONS |
| 700 1# - ADDED ENTRY--PERSONAL NAME | |
| Personal name | SCHREUDER, HEIN |
| Relator term | coaut. |
| Withdrawn status | Lost status | Source of classification or shelving scheme | Damaged status | Not for loan | Collection code | Home library | Current library | Shelving location | Date acquired | Source of acquisition | Inventory number | Total Checkouts | Full call number | Barcode | Date last seen | Date last checked out | Price effective from | Koha item type |
|---|---|---|---|---|---|---|---|---|---|---|---|---|---|---|---|---|---|---|
| Dewey Decimal Classification | General | Biblioteca Karol Wojtyla | Biblioteca Karol Wojtyla | Sala general | 03/12/2013 | Compra | 151000000000000000020116 | 1 | 658.1 DOU | 81940 | 05/01/2026 | 31/01/2020 | 03/12/2013 | Libro |